<?xml version="1.0" encoding="UTF-8"?>
<marc:record xmlns:marc="http://www.loc.gov/MARC21/slim">
   <marc:leader>00000nam a2200000 a 4500</marc:leader>
   <marc:datafield ind1="1" ind2=" " tag="100">
      <marc:subfield code="a">Hvorecký Michal</marc:subfield>
      <marc:subfield code="4">aut</marc:subfield>
      <marc:subfield code="e">Verfasser/-in</marc:subfield>
   </marc:datafield>
   <marc:datafield ind1=" " ind2=" " tag="653">
      <marc:subfield code="a">Fiktionale Darstellung</marc:subfield>
   </marc:datafield>
   <marc:datafield ind1="0" ind2="0" tag="245">
      <marc:subfield code="a">Wilsonov</marc:subfield>
   </marc:datafield>
   <marc:datafield ind1="0" ind2="0" tag="245">
      <marc:subfield code="c">Hvorecký Michal</marc:subfield>
   </marc:datafield>
   <marc:datafield ind1=" " ind2="1" tag="264">
      <marc:subfield code="a">Bratislava</marc:subfield>
      <marc:subfield code="b">Marenčin PT, spol. s.r.o.</marc:subfield>
      <marc:subfield code="c">2015</marc:subfield>
   </marc:datafield>
   <marc:datafield ind1=" " ind2=" " tag="250">
      <marc:subfield code="a">Druhe upravené vydanie</marc:subfield>
   </marc:datafield>
   <marc:datafield ind1="1" ind2=" " tag="520">
      <marc:subfield code="a">Roku 1923 sa v židovskej štvrti Wilsonova stanú štyri brutálne vraždy. Bezradná polícia si na pomoc zavolá newyorského detektíva Aarona Fooda. Američan nezvyčajnými a mimoriadne drsnými metódami vyšetruje okultné zločiny vo veľkomeste, ktorého história je celkom iná, než si myslíte. Novela pripomenula zabudnutú kapitolu dejín hlavného mesta, v ktorom pred sto rokmi vedľa seba žili Nemci, Maďari, Židia a menšina Slovákov.&#xD;
&#xD;
Príbehy s tajomstvom o Bratislave, láske, umení a smrti. Vyveziete sa na ufo na dunajskom moste a zažijete zlomovú udalosť dejín svetového divadla. Zájdete do atómového bunkra, kde v kultovom klube nastane divoká noc.&#xD;
Takto ste ešte neznámu stredoeurópsku metropolu nečítali.</marc:subfield>
   </marc:datafield>
   <marc:datafield ind1=" " ind2=" " tag="020">
      <marc:subfield code="a">9788081145490</marc:subfield>
      <marc:subfield code="9">9788081145490</marc:subfield>
   </marc:datafield>
   <marc:datafield ind1=" " ind2=" " tag="338">
      <marc:subfield code="a">Band</marc:subfield>
   </marc:datafield>
   <marc:datafield ind1=" " ind2=" " tag="300">
      <marc:subfield code="a">157 Seiten</marc:subfield>
   </marc:datafield>
</marc:record>
